1746 1504 1327 1936 1193 1317 1870 1341 1912 1124 1760 1320 1119 1485 1380 1260 1746 1748 1891 1113 1947 1573 1650 1211 1940 1775 1990 1400 1783 1582 1926 1288 1606 1744 1720 1581 1288 1482 1067 1500 1029 1706 1368 1129 1990 1314 1552 1585 1639 1655 1185 1023 1390 1412 1199 1464 1185 1248 1274 1706 1087 1178 1622 1798 1092 1619 1688 1752 1149 1535 1075 1578 1168 1816 1203 1708 1540 1931 1650 1424 1181 1020 1686 1947 1938 1183 1481 1274 1587 1092 1611 1081 1686 1314 1742 1078 1780 1792 1873 BCNSPRNW ULIB Ver.6.0+V

เปลี่ยนเป็นภาษาไทย

Change to English
 แสดงรายละเอียดบรรณานุกรม
  กลับหน้าหลัก

Brief Record : Get Marc (ISO 2709) : E-mail record : QR code < ปิดหน้าต่าง
LEADER : 00000nam 2200000uu 4500
001    13399114144
003     ULIB
008    110419s||||||||th 000 0 tha d
020    9786162230769
060 04 WE725^bก673ร ล1
100 0  กิตติ จิระรัตนโพธิ์ชัย
245 00 โรคกระดูกสันหลังเสื่อม : หลักฐานเชิงประจักษ์ เล่ม 1 /^cกิตติ จิระรัตนโพธิ์ชัย
246 31 Degenerative disease of the spine : An Evidence-Based Approach Volume 1
250    พิมพ์ครั้งที่ 1
260    ขอนแก่น :^bคณะแพทยศาสตร์ มหาวิทยาลัยขอนแก่น,^c2554
300    1138 หน้า :^bภาพประกอบ
650  7 กระดูกสันหลั^xโรค
710 2  มหาวิทยาลัยขอนแก่น.^bคณะแพทยศาสตร์
945    ^p1500^l0^i031125
945    ^p1500^l0^i031684
995    ทศพร
999 ^a ใช้งานได้ทุกระบบ
รายการนี้ยังไม่มีแท็ก
คุณยังไม่ได้ล็อกอิน คุณสามารถมีกิจกรรมร่วมกับเว็บไซต์ได้ แต่ต้องล็อกอินก่อน ::
  ล็อกอิน

รายการสื่อสารสนเทศ

ลำดับที่ ประเภท เลขเรียก/บาร์โค้ด สถานที่ สถานะ
1. วิทยาศาสตร์การแพทย์ และสุขภาพ
หนังสือสำรอง
สถานะ=หนังสือสำรอง
WE725 ก673ร ล1 ฉ.1 
  Barcode: 031125
ห้องสมุดวิทยาเขตสวรรค์ประชารักษ์
►ส่วนจัดเก็บหนังสือเก่า สปร
บนชั้น
  ขอยืม
2. วิทยาศาสตร์การแพทย์ และสุขภาพ
วิทยาศาสตร์การแพทย์ และสุขภาพ
WE725 ก673ร ล1 ฉ.2 
  Barcode: 031684
ห้องสมุดวิทยาเขตสวรรค์ประชารักษ์
►ส่วนจัดเก็บหนังสือเก่า สปร
บนชั้น
  ขอยืม

รายการใกล้เคียง
    ผู้แต่ง [กิตติ จิระรัตนโพธิ์ชัย]

BibComment


ยังไม่เคยถูกคอมเมนท์

คอมเมนท์ทรัพยากรรายการนี้
  คอมเมนท์: โรคกระดูกสันหลังเ..


 Copyright 2026. Bcnsprnw @Library